| 000 | 00498nam a22001697a 4500 | ||
|---|---|---|---|
| 003 | BDDh-ASL | ||
| 005 | 20231015031116.0 | ||
| 008 | 230130n xx ||||| |||| 00| 0 p d | ||
| 040 |
_aBDDh-ASL _cBDDh-ASL |
||
| 041 | _aper | ||
| 082 |
_a910 _bQAM |
||
| 100 | 1 |
_aQazar, Nasiruddin _97033 |
|
| 245 | 1 | 0 | _aMus āfirt Nāma-I Shahan Shah Isl ām Panāh : / مسافرت نامۀ شاهنشاه اسلام پناه |
| 300 |
_a176 p. : _c26 cm. |
||
| 650 | 0 |
_aTravelogue _97032 |
|
| 942 |
_2ddc _cBK |
||
| 999 |
_c30104 _d30104 |
||